Fisiología del ejercicio. Nutrición, rendimiento y salud

Bewaard in:
Bibliografische gegevens
Hoofdauteurs: McArdle, William D. (autor), Katch, Frank I (Auteur), Katch, Victor L (Auteur)
Formaat: Boek
Taal:Spaans
Gepubliceerd in: Barcelona, España Wolters Kluwer 2015
Editie:8a. edición
Onderwerpen:
Online toegang:Disponible Online - Capítulos 6 - 7 y 17
Tags: Voeg label toe
Geen labels, Wees de eerste die dit record labelt!

MARC

LEADER 00000cam a2200000 a 4500
001 UCC8606
003 CL-VaPUC
005 20211104140113.0
008 190725e20150000sp |||||||||||||||||spa|d
999 |c 374880  |d 374878 
020 |a 9788416004706 
040 |c Pontificia Universidad Católica de Valparaíso 
082 0 4 |a 612.044 MCA 2015  |2 21 
100 |a McArdle, William D.  |e autor  |9 603303 
245 1 0 |a Fisiología del ejercicio.  |b Nutrición, rendimiento y salud 
250 |a 8a. edición  
260 |a Barcelona, España   |b Wolters Kluwer  |c 2015 
300 |a 1029 páginas  
583 |a last modification  |c 20190725 22:41:00  |k Rodrigo Vera 
650 0 |a Fisiología del ejercicio  |2 CL-VaPUC  |9 536563 
650 0 |a Medicina deportiva  |9 307562 
650 0 |a Nutrición   |9 259434 
700 0 |a Katch, Frank I  |e author  |9 603304 
700 0 |a Katch, Victor L  |e author  |9 603305 
856 |u http://bibliografiadigital.pucv.cl.pucv.idm.oclc.org/index.php/bibliotecapucv/catalog/book/230  |y Disponible Online - Capítulos 6 - 7 y 17 
942 |c BK  |2 ddc 
945 |d 20190725 22:41:00  |a dcastane 
952 |0 0  |1 0  |3 erd  |4 0  |6 612_044000000000000_MCA_2015  |7 0  |8 A  |9 493634  |a BIBCUR  |b BIBCUR  |d 2019-07-22  |e 23  |g 86000.00  |i 5556120  |l 8  |o 612.044 MCA 2015  |p 5556120  |r 2025-04-22  |s 2024-03-15  |v 86000.00  |w 2019-11-24  |y BK  |z Catalogado en:20190725  |k KIN 
952 |0 0  |1 0  |3 erd  |4 0  |6 612_044000000000000_MCA_2015  |7 0  |8 A  |9 493635  |a BIBCUR  |b BIBCUR  |d 2019-07-22  |e 23  |g 86000.00  |i 5556147  |l 10  |o 612.044 MCA 2015  |p 5556147  |r 2025-04-22  |s 2024-04-29  |v 86000.00  |w 2019-11-24  |y BK  |z Catalogado en:20190725  |k KIN 
952 |0 0  |1 0  |3 erd  |4 0  |6 612_044000000000000_MCA_2015  |7 0  |8 A  |9 493636  |a BIBCUR  |b BIBCUR  |d 2019-07-22  |e 23  |g 86000.00  |i 5556139  |l 11  |m 5  |o 612.044 MCA 2015  |p 5556139  |r 2025-04-22  |s 2024-04-03  |v 86000.00  |w 2019-11-24  |y BK  |z Catalogado en:20190725  |k KIN 
952 |0 0  |1 0  |2 ddc  |3 erd  |4 0  |6 612_044000000000000_MCA_2015  |7 0  |8 A  |9 493637  |a BIBCUR  |b BIBCUR  |d 2019-07-22  |e 23  |g 86000.00  |i 5556163  |l 2  |m 3  |o 612.044 MCA 2015  |p 5556163  |r 2025-04-22  |s 2024-04-17  |v 86000.00  |w 2019-11-24  |y BK  |z Catalogado en:20190725  |k KIN 
952 |0 0  |1 0  |3 erd  |4 0  |6 612_044000000000000_MCA_2015  |7 0  |8 A  |9 493638  |a BIBCUR  |b BIBCUR  |d 2019-07-22  |e 23  |g 86000.00  |i 5556155  |l 14  |m 3  |o 612.044 MCA 2015  |p 5556155  |r 2025-04-22  |s 2025-04-07  |v 86000.00  |w 2019-11-24  |y BK  |z Catalogado en:20190725  |k KIN